00281nam a22000857a 4500008004100000082002000041245011700061260000900178300000800187230704b xxu||||| |||| 00| 0 eng d a362.7bUNI 2000 aNational Report for the Special Session of the UN General Assembly on Follow Up to the World Summit for Children c2000 a23p